[Event "GBR-ch90"]
[Site "Edinburgh"]
[Date "2003.07.25"]
[Round "5.28"]
[White "Greet, Andrew"]
[Black "Munson, Shaun D"]
[Result "1-0"]
[WhiteElo "2297"]
[BlackElo "2112"]
[PlyCount "129"]
[EventDate "2003.07.21"]
[EventType "swiss"]
[EventRounds "11"]
[EventCountry "GBR"]
[SourceTitle "BritBase"]
[Source "John Saunders"]
[SourceDate "2008.07.14"]
[SourceVersion "1"]
[SourceVersionDate "2008.07.14"]
[SourceQuality "2"]

1. c4 e5 2. g3 Nf6 3. Bg2 d5 4. cxd5 Nxd5 5. Nc3 Nb6 6. Nf3 Nc6 7. O-O Be7 8.
a3 O-O 9. d3 Be6 10. b4 a5 11. b5 Nd4 12. Bb2 f6 13. Nd2 Rb8 14. e3 Nf5 15. Qc2
Nd6 16. Nb3 Qe8 17. a4 Qf7 18. Nxa5 f5 19. Ne2 Bf6 20. f4 e4 21. dxe4 Bxb2 22.
Qxb2 fxe4 23. Nc3 Ra8 24. Qb4 Nd5 25. Nxd5 Bxd5 26. Rac1 Rad8 27. Rc3 h5 28.
Rfc1 Rd7 29. Nb3 h4 30. g4 Rc8 31. Nd4 Qg6 32. h3 Nf7 33. Nf5 Qf6 34. Rc5 Kh7
35. Qc3 Qxc3 36. R5xc3 g6 37. Nxh4 Kg7 38. Bf1 Rh8 39. Ng2 Rxh3 40. Rxc7 Rd8
41. Rd1 Kf6 42. g5+ Ke6 43. f5+ Kxf5 44. Rxf7+ Kxg5 45. Rf4 Rhh8 46. a5 Rhe8
47. Rf2 Bb3 48. Rb1 Be6 49. Nf4 Bf5 50. a6 bxa6 51. bxa6 Re7 52. Ra1 Ra7 53.
Bc4 Rc8 54. Bd5 Rc3 55. Ng2 Kg4 56. Bb7 Kg3 57. Rb2 Kf3 58. Kh2 Rc7 59. Rf1+
Kg4 60. Rf4+ Kg5 61. Kg3 Rc4 62. Rb5 Ra4 63. Nh4 Ra3 64. Nxf5 gxf5 65. Rfxf5+
1-0

[Event "GBR-ch90"]
[Site "Edinburgh"]
[Date "2003.07.25"]
[Round "5.29"]
[White "Dignam, Matthew P"]
[Black "Thomas, Nicholas"]
[Result "0-1"]
[WhiteElo "2124"]
[BlackElo "2281"]
[PlyCount "66"]
[EventDate "2003.07.21"]
[EventType "swiss"]
[EventRounds "11"]
[EventCountry "GBR"]
[SourceTitle "BritBase"]
[Source "John Saunders"]
[SourceDate "2008.07.14"]
[SourceVersion "1"]
[SourceVersionDate "2008.07.14"]
[SourceQuality "2"]

1. e4 e6 2. d4 d5 3. e5 c5 4. c3 Nc6 5. Nf3 Bd7 6. Be2 Rc8 7. O-O a6 8. Re1 Qb6
9. Na3 cxd4 10. cxd4 Bb4 11. Rf1 Na5 12. b3 Bc3 13. Rb1 Nc6 14. Nc2 Nb4 15.
Nxb4 Bxb4 16. a3 Bf8 17. b4 Ne7 18. Be3 Nf5 19. Nd2 Rc3 20. Ra1 Rxe3 21. fxe3
Nxe3 22. Qc1 Nxf1 23. Nf3 Nxh2 24. Kxh2 Be7 25. Bd3 O-O 26. Qc2 g6 27. g4 Rc8
28. Qd2 Qc7 29. Rf1 Qc3 30. Qf2 Be8 31. Ne1 Bg5 32. Kg2 Qd2 33. Nf3 Qxd3 0-1

[Event "GBR-ch90"]
[Site "Edinburgh"]
[Date "2003.07.25"]
[Round "5.30"]
[White "Anderton, Matthew N"]
[Black "Martyn, Rafe"]
[Result "1/2-1/2"]
[WhiteElo "2237"]
[BlackElo "2266"]
[PlyCount "150"]
[EventDate "2003.07.21"]
[EventType "swiss"]
[EventRounds "11"]
[EventCountry "GBR"]
[SourceTitle "BritBase"]
[Source "John Saunders"]
[SourceDate "2008.07.14"]
[SourceVersion "1"]
[SourceVersionDate "2008.07.14"]
[SourceQuality "2"]

1. e4 c6 2. d4 d5 3. exd5 cxd5 4. c4 Nf6 5. Nc3 g6 6. cxd5 Nxd5 7. Qb3 Nb6 8.
Nf3 Bg7 9. Bb5+ Bd7 10. Ne5 O-O 11. Nxd7 N8xd7 12. Be3 Nf6 13. O-O Nfd5 14.
Rad1 Rc8 15. Bg5 Nxc3 16. bxc3 Qc7 17. Rc1 e6 18. Bh4 Nc4 19. Rfd1 Nd6 20. Bg3
Rfd8 21. Be2 Qe7 22. Qa3 b6 23. Ba6 Ra8 24. c4 Kf8 25. c5 Nf5 26. Qf3 bxc5 27.
Bb7 Rab8 28. Bxb8 Rxb8 29. Ba6 cxd4 30. Rb1 Rxb1 31. Rxb1 Bf6 32. g3 Qd6 33.
Bd3 Ne7 34. Qa8+ Kg7 35. Qxa7 Nc6 36. Qb6 Qd5 37. Qb5 Qf3 38. Be2 Qe4 39. Bd3
Qf3 40. Bf1 Ne5 41. Bg2 Qc3 42. a4 Nc4 43. Qd7 d3 44. Be4 Bd4 45. Kg2 d2 46.
Bf3 Ne5 47. Qb7 Nd3 48. Qb3 Ne1+ 49. Kf1 Nxf3 50. Qxc3 Bxc3 51. Ke2 Ne5 52. f4
Nc6 53. Kd3 Ba5 54. Kc4 Ne7 55. Kb5 Bc3 56. a5 Nd5 57. a6 Bd4 58. Kc4 Bb2 59.
a7 Bc1 60. a8=Q d1=Q 61. Qa1+ Kh6 62. Rxc1 Ne3+ 63. Kc3 Qe2 64. Qb1 Nd5+ 65.
Kd4 Qd2+ 66. Kc5 Nc3 67. Qc2 Qd5+ 68. Kb6 Qb5+ 69. Ka7 Qd7+ 70. Kb8 Qd6+ 71.
Kb7 Qb4+ 72. Kc8 Qc5+ 73. Kb7 Qb5+ 74. Ka7 Nd5 75. Qc5 Qa4+ 1/2-1/2

[Event "GBR-ch90"]
[Site "Edinburgh"]
[Date "2003.07.25"]
[Round "5.31"]
[White "Gordon, Stephen J"]
[Black "Barua, Dibyendu"]
[Result "0-1"]
[WhiteElo "2216"]
[BlackElo "2561"]
[PlyCount "78"]
[EventDate "2003.07.21"]
[EventType "swiss"]
[EventRounds "11"]
[EventCountry "GBR"]
[SourceTitle "BritBase"]
[Source "John Saunders"]
[SourceDate "2008.07.14"]
[SourceVersion "1"]
[SourceVersionDate "2008.07.14"]
[SourceQuality "2"]

1. c4 e5 2. g3 Nc6 3. Bg2 g6 4. Nc3 Bg7 5. e4 d6 6. Nge2 h5 7. h4 Be6 8. d3 Qd7
9. Nd5 Nd8 10. d4 Nc6 11. Nxc7+ Qxc7 12. d5 Bg4 13. dxc6 bxc6 14. O-O Nf6 15.
Qd3 Nd7 16. Be3 Nc5 17. Qc2 O-O 18. b4 Nd7 19. Rfc1 Rfd8 20. Nc3 Be6 21. Bf1
Nb6 22. Na4 Nxa4 23. Qxa4 f5 24. Bg5 Rf8 25. Bg2 f4 26. b5 Qb6 27. c5 dxc5 28.
bxc6 fxg3 29. fxg3 c4+ 30. Kh2 Rf2 31. Rab1 Qd4 32. Re1 Raf8 33. Be3 Rxg2+ 34.
Kxg2 Qxe4+ 35. Kh2 Qg4 36. Qc2 Qh3+ 37. Kg1 Rf3 38. Bf2 Bd5 39. Rec1 Rc3 0-1

[Event "GBR-ch90"]
[Site "Edinburgh"]
[Date "2003.07.25"]
[Round "5.32"]
[White "Redpath, Joseph"]
[Black "Neelotpal, Das"]
[Result "1-0"]
[WhiteElo "2194"]
[BlackElo "2462"]
[PlyCount "73"]
[EventDate "2003.07.21"]
[EventType "swiss"]
[EventRounds "11"]
[EventCountry "GBR"]
[SourceTitle "BritBase"]
[Source "John Saunders"]
[SourceDate "2008.07.14"]
[SourceVersion "1"]
[SourceVersionDate "2008.07.14"]
[SourceQuality "2"]

1. d4 d5 2. Nf3 Nf6 3. e3 c6 4. c4 a6 5. Bd3 Bg4 6. Qb3 Bxf3 7. gxf3 Ra7 8. Nc3
e6 9. c5 Nbd7 10. f4 b6 11. cxb6 Nxb6 12. Na4 Nc8 13. Bd2 Bd6 14. Rc1 Ne7 15.
Nc5 Qa8 16. Ba5 O-O 17. Qa4 Rb8 18. b4 Nf5 19. a3 g6 20. Nb3 Ne7 21. Nc5 Nd7
22. Ke2 Bxc5 23. bxc5 f6 24. Rb1 e5 25. Rxb8+ Qxb8 26. Rb1 Qc8 27. fxe5 fxe5
28. f3 Qf8 29. Be1 Ra8 30. Rb7 e4 31. fxe4 Nf6 32. exd5 Nexd5 33. Qxc6 Re8 34.
Bc4 Rxe3+ 35. Kd1 Qd8 36. Bh4 g5 37. Bxg5 1-0

[Event "GBR-ch90"]
[Site "Edinburgh"]
[Date "2003.07.25"]
[Round "5.33"]
[White "Meenakshi, Subbaraman"]
[Black "Ashton, Adam"]
[Result "1/2-1/2"]
[WhiteElo "2319"]
[BlackElo "2234"]
[PlyCount "44"]
[EventDate "2003.07.21"]
[EventType "swiss"]
[EventRounds "11"]
[EventCountry "GBR"]
[SourceTitle "BritBase"]
[Source "John Saunders"]
[SourceDate "2008.07.14"]
[SourceVersion "1"]
[SourceVersionDate "2008.07.14"]
[SourceQuality "2"]

1. c4 Nf6 2. Nc3 c5 3. g3 e6 4. Nf3 b6 5. Bg2 Bb7 6. O-O Be7 7. b3 O-O 8. Bb2
a6 9. Qc2 d6 10. Rad1 Nbd7 11. e4 Qc7 12. Qb1 Rac8 13. d4 cxd4 14. Nxd4 Rfe8
15. Kh1 Bf8 16. Qa1 Qb8 17. f3 Qa8 18. Nc2 d5 19. exd5 exd5 20. cxd5 Nxd5 21.
Nxd5 Bxd5 22. Rd2 Nc5 1/2-1/2

[Event "GBR-ch90"]
[Site "Edinburgh"]
[Date "2003.07.25"]
[Round "5.34"]
[White "Waters, Clive L"]
[Black "Ramaswamy, Aarthie"]
[Result "1/2-1/2"]
[WhiteElo "2111"]
[BlackElo "2316"]
[PlyCount "86"]
[EventDate "2003.07.21"]
[EventType "swiss"]
[EventRounds "11"]
[EventCountry "GBR"]
[SourceTitle "BritBase"]
[Source "John Saunders"]
[SourceDate "2008.07.14"]
[SourceVersion "1"]
[SourceVersionDate "2008.07.14"]
[SourceQuality "2"]

1. d4 Nf6 2. c3 e6 3. Bg5 h6 4. Bxf6 Qxf6 5. e4 d6 6. Bd3 Nc6 7. Ne2 g6 8. O-O
Bg7 9. f4 Qe7 10. Nd2 O-O 11. Kh1 d5 12. e5 Qd8 13. g4 Ne7 14. Ng3 c5 15. f5
exf5 16. gxf5 Nxf5 17. Bxf5 Bxf5 18. Nxf5 gxf5 19. Rxf5 Qh4 20. Qf3 cxd4 21.
Rf4 Qe7 22. cxd4 f6 23. Qxd5+ Kh8 24. e6 f5 25. Nc4 Rad8 26. Ne5 Rxd5 27. Ng6+
Kh7 28. Nxe7 Rxd4 29. Rxd4 Bxd4 30. Rd1 Bc5 31. Rd7 Re8 32. Nd5+ Kg6 33. Nc7
Re7 34. Nd5 Re8 35. b4 Bxb4 36. Nxb4 Rxe6 37. Rxb7 Re1+ 38. Kg2 a5 39. Rb6+ Kg5
40. Nd5 Re2+ 41. Kf3 Rxh2 42. Nf4 Rxa2 43. Rg6+ Kh4 1/2-1/2

[Event "GBR-ch90"]
[Site "Edinburgh"]
[Date "2003.07.25"]
[Round "5.36"]
[White "Goodger, Martyn"]
[Black "Moore, Gerald"]
[Result "1/2-1/2"]
[WhiteElo "2114"]
[BlackElo "2252"]
[PlyCount "91"]
[EventDate "2003.07.21"]
[EventType "swiss"]
[EventRounds "11"]
[EventCountry "GBR"]
[SourceTitle "BritBase"]
[Source "John Saunders"]
[SourceDate "2008.07.14"]
[SourceVersion "1"]
[SourceVersionDate "2008.07.14"]
[SourceQuality "2"]

1. e4 c5 2. Nf3 Nc6 3. c3 Nf6 4. e5 Nd5 5. Bc4 Nb6 6. Bb3 g6 7. d4 cxd4 8. cxd4
Bg7 9. d5 Nxe5 10. Nxe5 Bxe5 11. Bh6 e6 12. Qd2 Qh4 13. Nc3 f6 14. dxe6 dxe6
15. O-O-O Bd7 16. Be3 O-O-O 17. f4 Bc7 18. g3 Qh5 19. Qc2 Kb8 20. Rhe1 e5 21.
Nd5 Nxd5 22. Bxd5 exf4 23. Qb3 b6 24. gxf4 Ba4 25. Qxa4 Rxd5 26. Rxd5 Qxd5 27.
Rd1 Qf5 28. Rd7 Rc8 29. Kd2 Qxd7+ 30. Qxd7 Rd8 31. Qxd8+ Bxd8 32. Kd3 Kc7 33.
Ke4 Kd6 34. f5 Be7 35. a4 g5 36. h3 h5 37. b4 g4 38. hxg4 hxg4 39. b5 g3 40.
Bf4+ Kc5 41. Bxg3 Kb4 42. Kd5 Kxa4 43. Kc4 Bd8 44. Bd6 Ka5 45. Bb4+ Ka4 46. Bd6
1/2-1/2

[Event "GBR-ch90"]
[Site "Edinburgh"]
[Date "2003.07.25"]
[Round "5.37"]
[White "Addison, Bret C"]
[Black "Lim Chin Lee"]
[Result "1-0"]
[WhiteElo "2251"]
[BlackElo "2119"]
[PlyCount "75"]
[EventDate "2003.07.21"]
[EventType "swiss"]
[EventRounds "11"]
[EventCountry "GBR"]
[SourceTitle "BritBase"]
[Source "John Saunders"]
[SourceDate "2008.07.14"]
[SourceVersion "1"]
[SourceVersionDate "2008.07.14"]
[SourceQuality "2"]

1. c4 Nf6 2. Nc3 d5 3. d4 e6 4. cxd5 exd5 5. Bg5 Be7 6. e3 O-O 7. Bd3 h6 8. Bh4
Re8 9. Qc2 c5 10. Bxf6 Bxf6 11. dxc5 d4 12. O-O-O dxc3 13. Bh7+ Kh8 14. Rxd8
Rxd8 15. bxc3 g6 16. Bxg6 fxg6 17. Qxg6 Bg7 18. Nf3 Nc6 19. Nd4 Ne5 20. Qc2 Bd7
21. f4 Ng4 22. e4 Rac8 23. e5 Rxc5 24. Qd2 Rdc8 25. Kb2 h5 26. h3 Nh6 27. Rg1
Nf5 28. Nb3 R5c7 29. g4 Nh6 30. Nc5 Bxg4 31. hxg4 Rxc5 32. gxh5 Rxc3 33. Qxc3
Rxc3 34. Kxc3 Kg8 35. Kd3 Kf7 36. Ke4 Bf8 37. Rc1 b6 38. Rc7+ 1-0

[Event "GBR-ch90"]
[Site "Edinburgh"]
[Date "2003.07.25"]
[Round "5.38"]
[White "Rendle, Thomas"]
[Black "Rutherford, Elaine"]
[Result "1/2-1/2"]
[WhiteElo "2240"]
[BlackElo "2061"]
[PlyCount "95"]
[EventDate "2003.07.21"]
[EventType "swiss"]
[EventRounds "11"]
[EventCountry "GBR"]
[SourceTitle "BritBase"]
[Source "John Saunders"]
[SourceDate "2008.07.14"]
[SourceVersion "1"]
[SourceVersionDate "2008.07.14"]
[SourceQuality "2"]

1. e4 d5 2. exd5 Qxd5 3. Nc3 Qa5 4. d4 Nf6 5. Nf3 c6 6. Bc4 Bf5 7. Bd2 e6 8.
Qe2 Bb4 9. O-O-O Nbd7 10. a3 Bxc3 11. Bxc3 Qc7 12. Ne5 Nxe5 13. dxe5 Nd5 14.
Bd2 O-O-O 15. g4 Bg6 16. f4 h5 17. h3 Qb6 18. Rhf1 hxg4 19. hxg4 Rh3 20. Rf3
Rxf3 21. Qxf3 Qd4 22. Bb3 Rh8 23. Kb1 Rh2 24. Bc1 Qf2 25. Qxf2 Rxf2 26. Rd4 Rg2
27. g5 Bf5 28. Rd1 Rf2 29. Rh1 Nxf4 30. Rh8+ Kc7 31. Rf8 Bg6 32. Bxf4 Rxf4 33.
Bxe6 a5 34. Rg8 a4 35. Rxg7 Kb6 36. Kc1 Bh5 37. Ba2 Rf1+ 38. Kd2 Rf2+ 39. Kc3
Kc5 40. b4+ axb3 41. Bxb3 Rf3+ 42. Kb2 Re3 43. e6 fxe6 44. Rxb7 Rg3 45. Rg7 e5
46. a4 e4 47. Re7 e3 48. a5 1/2-1/2

[Event "GBR-ch90"]
[Site "Edinburgh"]
[Date "2003.07.25"]
[Round "5.40"]
[White "Hanley, Craig A"]
[Black "Kafka, Graeme"]
[Result "1-0"]
[WhiteElo "2387"]
[BlackElo "2170"]
[PlyCount "69"]
[EventDate "2003.07.21"]
[EventType "swiss"]
[EventRounds "11"]
[EventCountry "GBR"]
[SourceTitle "BritBase"]
[Source "John Saunders"]
[SourceDate "2008.07.14"]
[SourceVersion "1"]
[SourceVersionDate "2008.07.14"]
[SourceQuality "2"]

1. e4 c5 2. c3 d5 3. exd5 Qxd5 4. d4 Nf6 5. Nf3 e6 6. Be3 cxd4 7. cxd4 Nc6 8.
Nc3 Qd6 9. a3 Be7 10. Bd3 O-O 11. Qc2 a6 12. O-O Bd7 13. Rad1 Rac8 14. Rfe1 Qb8
15. Bg5 g6 16. Qe2 Rfe8 17. Bb1 Nd5 18. Ne4 Bxg5 19. Nfxg5 Nce7 20. Qf3 Rf8 21.
Qh3 h5 22. Nc5 Nf4 23. Qh4 Bc6 24. f3 Nf5 25. Bxf5 exf5 26. Re5 f6 27. Qxf4
fxe5 28. dxe5 Rcd8 29. Rd6 Rxd6 30. exd6 Rf6 31. Qc4+ Kh8 32. Qd4 Kg7 33. Nce6+
Kh6 34. Qxf6 Qa7+ 35. Nd4 1-0

[Event "GBR-ch90"]
[Site "Edinburgh"]
[Date "2003.07.25"]
[Round "5.41"]
[White "Walton, Colin"]
[Black "Bigg, Andrew J"]
[Result "0-1"]
[WhiteElo "2135"]
[BlackElo "2287"]
[PlyCount "118"]
[EventDate "2003.07.21"]
[EventType "swiss"]
[EventRounds "11"]
[EventCountry "GBR"]
[SourceTitle "BritBase"]
[Source "John Saunders"]
[SourceDate "2008.07.14"]
[SourceVersion "1"]
[SourceVersionDate "2008.07.14"]
[SourceQuality "2"]

1. e4 e6 2. d3 d5 3. Nd2 Nf6 4. Ngf3 Be7 5. g3 c5 6. Bg2 Nc6 7. O-O Rb8 8. Re1
b5 9. Nf1 dxe4 10. dxe4 Qxd1 11. Rxd1 Bb7 12. e5 Nd7 13. Bf4 h6 14. h4 g5 15.
hxg5 hxg5 16. Bxg5 Ncxe5 17. Nxe5 Nxe5 18. Bxb7 Bxg5 19. Bg2 Bf6 20. a4 bxa4
21. Rxa4 Rxb2 22. Be4 Rb4 23. Rxb4 cxb4 24. Kg2 Nc4 25. Bc6+ Kf8 26. Rd7 Ne5
27. Rc7 Bd8 28. Rc8 Kg7 29. Ba4 Bb6 30. Rxh8 Kxh8 31. Nd2 Kg7 32. f4 Ng4 33.
Nc4 Bc7 34. Kf3 Nf6 35. Ne3 Kf8 36. g4 Ke7 37. f5 Nh7 38. Ke4 Kd6 39. fxe6 fxe6
40. Bb3 Ke7 41. Kd3 Bf4 42. Ng2 Bd6 43. Kc4 Nf6 44. g5 Ne4 45. Ne1 Nxg5 46. Kb5
e5 47. Ka6 e4 48. Kxa7 Kf6 49. Kb6 Ke5 50. Kc6 Bf8 51. Kb5 Kd4 52. Ng2 Nf3 53.
Nf4 Kc3 54. Bd5 Nd4+ 55. Ka4 e3 56. Ng2 Nxc2 57. Be4 b3 58. Bd5 b2 59. Nxe3
b1=Q 0-1

[Event "GBR-ch90"]
[Site "Edinburgh"]
[Date "2003.07.25"]
[Round "5.42"]
[White "Gourlay, Iain"]
[Black "Eggleston, David"]
[Result "0-1"]
[WhiteElo "2284"]
[BlackElo "2094"]
[PlyCount "98"]
[EventDate "2003.07.21"]
[EventType "swiss"]
[EventRounds "11"]
[EventCountry "GBR"]
[SourceTitle "BritBase"]
[Source "John Saunders"]
[SourceDate "2008.07.14"]
[SourceVersion "1"]
[SourceVersionDate "2008.07.14"]
[SourceQuality "2"]

1. Nf3 d5 2. g3 e6 3. Bg2 Nf6 4. O-O Be7 5. d3 O-O 6. Nbd2 c5 7. e4 Nc6 8. Re1
b5 9. e5 Nd7 10. Nf1 a5 11. h4 c4 12. d4 b4 13. N1h2 a4 14. a3 c3 15. bxc3 bxa3
16. c4 Nb6 17. c5 Nc4 18. Nd2 Nb2 19. Qg4 Nb4 20. Ndf3 f5 21. exf6 Bxf6 22. Re5
Nxc2 23. Ra2 Nb4 24. Rxa3 Nc4 25. Ra1 Bxe5 26. dxe5 Nd3 27. Qd4 Nxc1 28. Rxc1
h6 29. Ng4 Ra5 30. Qd3 Qe7 31. Qg6 Kh8 32. Rxc4 dxc4 33. Ng5 hxg5 34. Be4 Rf5
35. Bxf5 exf5 36. Nf6 gxf6 37. exf6 Qe1+ 38. Kg2 Bb7+ 39. f3 Qe2+ 40. Kg1 Qe3+
41. Kf1 Qxf3+ 42. Ke1 Qh1+ 43. Kf2 Qh2+ 44. Ke1 Qxg3+ 45. Kd1 Bf3+ 46. Kc2 Qf2+
47. Kc3 Qe3+ 48. Kc2 Qd3+ 49. Kc1 Qc3+ 0-1

[Event "GBR-ch90"]
[Site "Edinburgh"]
[Date "2003.07.25"]
[Round "5.43"]
[White "Buckley, Melanie"]
[Black "Karavade, Eesha"]
[Result "1/2-1/2"]
[WhiteElo "2130"]
[BlackElo "2218"]
[PlyCount "102"]
[EventDate "2003.07.21"]
[EventType "swiss"]
[EventRounds "11"]
[EventCountry "GBR"]
[SourceTitle "BritBase"]
[Source "John Saunders"]
[SourceDate "2008.07.14"]
[SourceVersion "1"]
[SourceVersionDate "2008.07.14"]
[SourceQuality "2"]

1. e4 c5 2. Nc3 d6 3. g3 Nc6 4. Bg2 g6 5. d3 Bg7 6. Be3 e6 7. Qd2 Rb8 8. Nge2
Nd4 9. O-O Ne7 10. Nd1 O-O 11. Nc1 b6 12. c3 Ndc6 13. Bh6 a5 14. Bxg7 Kxg7 15.
Ne3 e5 16. Ne2 f6 17. f4 Ba6 18. Rf2 Qd7 19. Raf1 b5 20. h4 b4 21. c4 h6 22.
Kh2 Bc8 23. Ng1 Qc7 24. Bh3 Bxh3 25. Nxh3 Nd4 26. f5 gxf5 27. exf5 Qd7 28. Ng1
d5 29. cxd5 Nxd5 30. Ne2 Nxe3 31. Qxe3 Qd5 32. Nxd4 Qxd4 33. Qe2 Kh7 34. Rc1
Rg8 35. Rc4 Qd6 36. Qe3 Rbd8 37. Rg2 Qxd3 38. Qxd3 Rxd3 39. Rxc5 a4 40. Rc6 Rf8
41. Ra6 a3 42. Rb6 Rd4 43. bxa3 bxa3 44. Rb3 Ra8 45. Rb7+ Kg8 46. Rc2 Rad8 47.
Rcc7 Rd2+ 48. Kh3 Rxa2 49. Kg4 Rg2 50. Rg7+ Kf8 51. Rgf7+ Kg8 1/2-1/2

[Event "GBR-ch90"]
[Site "Edinburgh"]
[Date "2003.07.25"]
[Round "5.44"]
[White "Guthrie, David"]
[Black "Eggleston, Thomas"]
[Result "0-1"]
[WhiteElo "2183"]
[BlackElo "2040"]
[PlyCount "68"]
[EventDate "2003.07.21"]
[EventType "swiss"]
[EventRounds "11"]
[EventCountry "GBR"]
[SourceTitle "BritBase"]
[Source "John Saunders"]
[SourceDate "2008.07.14"]
[SourceVersion "1"]
[SourceVersionDate "2008.07.14"]
[SourceQuality "2"]

1. d4 d5 2. c4 e6 3. Nc3 Be7 4. cxd5 exd5 5. Bf4 c6 6. e3 Bf5 7. g4 Be6 8. h4
Bd6 9. Nh3 Ne7 10. Bd3 Na6 11. Bxa6 bxa6 12. Bxd6 Qxd6 13. Nf4 c5 14. Rg1 Rb8
15. Qa4+ Nc6 16. dxc5 Qxc5 17. O-O-O O-O 18. Nfxd5 Rfc8 19. Rd2 Ne5 20. Qd4 Nf3
21. Qxc5 Rxc5 22. Rgd1 Nxd2 23. Rxd2 Bxg4 24. Nb4 Rbc8 25. Nxa6 Rh5 26. Kc2
Rxh4 27. b4 h5 28. a4 Bf3 29. Kb3 Rh1 30. Rd7 Rc1 31. Nb5 h4 32. Rd4 h3 33. Rh4
Bd5+ 34. Ka3 R8c2 0-1

[Event "GBR-ch90"]
[Site "Edinburgh"]
[Date "2003.07.25"]
[Round "5.45"]
[White "Walton, Alan J"]
[Black "Coleman, James"]
[Result "1/2-1/2"]
[WhiteElo "2158"]
[BlackElo "2211"]
[PlyCount "21"]
[EventDate "2003.07.21"]
[EventType "swiss"]
[EventRounds "11"]
[EventCountry "GBR"]
[SourceTitle "BritBase"]
[Source "John Saunders"]
[SourceDate "2008.07.14"]
[SourceVersion "1"]
[SourceVersionDate "2008.07.14"]
[SourceQuality "2"]

1. d4 d5 2. Bg5 h6 3. Bh4 c6 4. e3 Qb6 5. Qc1 Bf5 6. Bd3 Bxd3 7. cxd3 e6 8. Nc3
c5 9. dxc5 Bxc5 10. d4 Bb4 11. Nge2 1/2-1/2

[Event "GBR-ch90"]
[Site "Edinburgh"]
[Date "2003.07.25"]
[Round "5.46"]
[White "Meyer, Gordon"]
[Black "Gilbert, Jessie L"]
[Result "1/2-1/2"]
[WhiteElo "2175"]
[BlackElo "2109"]
[PlyCount "45"]
[EventDate "2003.07.21"]
[EventType "swiss"]
[EventRounds "11"]
[EventCountry "GBR"]
[SourceTitle "BritBase"]
[Source "John Saunders"]
[SourceDate "2008.07.14"]
[SourceVersion "1"]
[SourceVersionDate "2008.07.14"]
[SourceQuality "2"]

1. e4 c5 2. Nf3 Nc6 3. Bb5 g6 4. O-O Bg7 5. Re1 e6 6. Bxc6 dxc6 7. d3 Ne7 8.
Nc3 e5 9. a4 b6 10. a5 b5 11. Be3 Qd6 12. Nd2 Be6 13. Qe2 Ng8 14. Na2 Nf6 15.
f3 Nd7 16. Nc1 Qf8 17. Ncb3 Bh6 18. c4 Bxe3+ 19. Qxe3 a6 20. Rac1 b4 21. f4 f6
22. Rf1 Qe7 23. f5 1/2-1/2

[Event "GBR-ch90"]
[Site "Edinburgh"]
[Date "2003.07.25"]
[Round "5.47"]
[White "Stephenson, F Norman"]
[Black "Clarke, Thomas M"]
[Result "0-1"]
[WhiteElo "2228"]
[BlackElo "2128"]
[PlyCount "80"]
[EventDate "2003.07.21"]
[EventType "swiss"]
[EventRounds "11"]
[EventCountry "GBR"]
[SourceTitle "BritBase"]
[Source "John Saunders"]
[SourceDate "2008.07.14"]
[SourceVersion "1"]
[SourceVersionDate "2008.07.14"]
[SourceQuality "2"]

1. e4 e6 2. d4 d5 3. Nc3 Bb4 4. e5 c5 5. Bd2 Ne7 6. Nb5 Bxd2+ 7. Qxd2 O-O 8.
dxc5 Nbc6 9. Nf3 Ng6 10. Qc3 Bd7 11. Bd3 Ncxe5 12. Nxe5 Nxe5 13. Qxe5 Bxb5 14.
O-O Bxd3 15. cxd3 Rc8 16. d4 Qa5 17. f4 g6 18. f5 exf5 19. Qxd5 b6 20. Rac1 Qd2
21. Rcd1 Qe3+ 22. Kh1 bxc5 23. Rfe1 Qf2 24. Rf1 Qxb2 25. dxc5 Qb5 26. Rc1 Rfd8
27. Qe5 Qc6 28. h4 Rd2 29. Qg3 Rxa2 30. h5 Qd5 31. h6 Rd2 32. Rfe1 Kf8 33. Qg5
Qd8 34. Qf4 Rd4 35. Qe3 Re4 36. Qc3 Qd4 37. Qxd4 Rxd4 38. Re5 f6 39. Re6 Kf7
40. Rce1 Re4 0-1

[Event "GBR-ch90"]
[Site "Edinburgh"]
[Date "2003.07.26"]
[Round "6.1"]
[White "Rahman, Ziaur"]
[Black "Gallagher, Joseph G"]
[Result "1/2-1/2"]
[WhiteElo "2521"]
[BlackElo "2520"]
[PlyCount "37"]
[EventDate "2003.07.21"]
[EventType "swiss"]
[EventRounds "11"]
[EventCountry "GBR"]
[SourceTitle "BritBase"]
[Source "John Saunders"]
[SourceDate "2008.07.14"]
[SourceVersion "1"]
[SourceVersionDate "2008.07.14"]
[SourceQuality "2"]

1. Nf3 Nf6 2. c4 g6 3. Nc3 Bg7 4. e4 d6 5. d4 O-O 6. Be2 e5 7. d5 Na6 8. Bg5 h6
9. Bh4 g5 10. Bg3 Nxe4 11. Nxe4 f5 12. Nfd2 fxe4 13. Nxe4 Bf5 14. Nc3 Nc5 15.
O-O a5 16. f3 e4 17. fxe4 Bxe4 18. Bf2 Qe7 19. Bd3 1/2-1/2

[Event "GBR-ch90"]
[Site "Edinburgh"]
[Date "2003.07.26"]
[Round "6.2"]
[White "Kunte, Abhijit"]
[Black "Kotronias, Vasilios"]
[Result "1/2-1/2"]
[WhiteElo "2515"]
[BlackElo "2602"]
[PlyCount "44"]
[EventDate "2003.07.21"]
[EventType "swiss"]
[EventRounds "11"]
[EventCountry "GBR"]
[SourceTitle "BritBase"]
[Source "John Saunders"]
[SourceDate "2008.07.14"]
[SourceVersion "1"]
[SourceVersionDate "2008.07.14"]
[SourceQuality "2"]

1. d4 Nf6 2. Nf3 g6 3. g3 Bg7 4. Bg2 O-O 5. O-O d6 6. c4 Nbd7 7. Nc3 e5 8. e4
c6 9. h3 Qb6 10. Re1 exd4 11. Nxd4 Re8 12. Re2 Qb4 13. Rc2 Nc5 14. Bd2 Qb6 15.
Be3 a5 16. Nb3 a4 17. Nxc5 dxc5 18. Rb1 Nd7 19. b3 axb3 20. axb3 Qc7 21. f4 Ra5
22. Qe1 Ra8 1/2-1/2

[Event "GBR-ch90"]
[Site "Edinburgh"]
[Date "2003.07.26"]
[Round "6.3"]
[White "Ganguly, Surya Shekhar"]
[Black "Gormally, Daniel W"]
[Result "1/2-1/2"]
[WhiteElo "2535"]
[BlackElo "2478"]
[PlyCount "68"]
[EventDate "2003.07.21"]
[EventType "swiss"]
[EventRounds "11"]
[EventCountry "GBR"]
[SourceTitle "BritBase"]
[Source "John Saunders"]
[SourceDate "2008.07.14"]
[SourceVersion "1"]
[SourceVersionDate "2008.07.14"]
[SourceQuality "2"]

1. e4 c5 2. Nf3 d6 3. d4 cxd4 4. Nxd4 Nf6 5. Nc3 a6 6. Be2 e5 7. Nb3 Be7 8. O-O
O-O 9. Kh1 b6 10. Be3 Bb7 11. f3 b5 12. Qd2 Nbd7 13. Rfd1 b4 14. Nd5 Nxd5 15.
exd5 Nf6 16. Bc4 Qc7 17. Qd3 a5 18. a4 bxa3 19. Rxa3 a4 20. Nd2 Ra5 21. Ne4
Nxd5 22. Bd2 Nf4 23. Bxa5 Qxa5 24. Qc3 Qb6 25. Rxa4 d5 26. Qxe5 Ng6 27. Qd4
Qxd4 28. Rxd4 dxe4 29. Bd5 Bxd5 30. Rxd5 exf3 31. gxf3 Rb8 32. b3 h6 33. Rda5
Kh7 34. Ra8 Rxa8 1/2-1/2